000 00250nam a22001217a 4500
003 SGT
082 _a823
_bLEE
100 _aLEE HARPER
245 _aTO KILL A MOCKINGBIRD
260 _aLONDON
_bARROW BOOK
_c1989
300 _a309
942 _2ddc
_cBK
999 _c33728
_d33728